[Event "Hoogovens"]
[Site "Wijk aan Zee 50"]
[Date "1988.??.??"]
[Round "5"]
[White "Van der Wiel, John"]
[Black "Huebner, Robert"]
[Result "1-0"]
[WhiteElo "2555"]
[BlackElo "2595"]
[Annotator "JvR"]
[PlyCount "51"]
[EventDate "1988.??.??"]
[EventCountry "NED"]

1. e4 e6 2. d4 d5 3. Nc3 Bb4 4. e5 c5 5. a3 Bxc3+ 6. bxc3 Ne7 7. Qg4 O-O 8. Bd3
c4 9. Bh6 Ng6 10. Bxg6 fxg6 11. Be3 Qe8 $5 {Hübner tries a new move in a
doubtful variation of the French Defence.} 12. h4 $1 Nc6 13. h5 gxh5 14. Rxh5
Ne7 15. Nf3 Rf5 16. Bg5 Ng6 17. O-O-O {John mobilises his troops at all costs.}
h6 18. Rdh1 $1 hxg5 19. Nxg5 Rxf2 ({Critical is} 19... Qa4 $5 20. Ne4 $1 Qxa3+
21. Kb1 $1 Rxh5 22. Qxh5 dxe4 23. Qxg6 Qe7 24. Rh7 $1 Qf7 25. Rh8+ $1 {and
White wins.}) 20. Qh3 $1 {Van der Wiel prepares 21. Rh8+!} Kf8 21. Qe3 $1 Rf7 (
21... Rxg2 22. Qf3+ Ke7 {(Van der Wiel)} 23. Rh7 $1 Rxg5 24. Rxg7+ Kd8 25. Qf6+
{and wins.}) 22. Nxf7 Kxf7 23. Rf1+ Kg8 24. Rhh1 $1 Ne7 25. Qh3 Nf5 26. g4 {
Hübner had lost the lead.} 1-0

[Event "Hoogovens"]
[Site "Wijk aan Zee 50"]
[Date "1988.??.??"]
[Round "6"]
[White "Karpov, Anatoly"]
[Black "Georgiev, Kiril"]
[Result "1-0"]
[WhiteElo "2715"]
[BlackElo "2595"]
[Annotator "JvR"]
[PlyCount "81"]
[EventDate "1988.??.??"]
[EventCountry "NED"]

1. c4 g6 2. Nf3 Bg7 3. d4 Nf6 4. g3 O-O 5. Bg2 c6 6. Nc3 d5 7. Qb3 e6 8. O-O
Nbd7 9. Bf4 Nb6 10. c5 Nc4 11. Qc2 Nh5 $5 12. b3 Nxf4 13. gxf4 Na3 14. Qd2 b5
15. Rfe1 Rb8 16. Kh1 a5 17. e3 f5 $2 (17... f6 $1 {controls square e5.}) 18.
Bf1 Bd7 19. Be2 Bf6 20. Rg1 Kh8 21. Rg3 Qe7 22. Rag1 Rg8 23. Qc1 b4 24. Na4 Rg7
25. Qf1 Rbg8 26. Qh3 Be8 27. Nb6 $1 Qd8 28. Qh6 Rc7 29. Ne5 {White attacks
from all sides.} Rcg7 30. Bd3 Nb5 31. Bxb5 cxb5 32. f3 Bh4 $1 33. Rh3 $2 ({
Correct is} 33. R3g2) 33... Bf2 $1 34. Rxg6 $5 Bxe3 $2 (34... Qe7 $1 35. Rg5
Bxe3 {equalises.}) 35. Rxg7 Rxg7 36. Rg3 $1 Qe7 37. Rxg7 Qxg7 38. Qxg7+ Kxg7
39. c6 Bxc6 40. Nxc6 Bxf4 41. Nd7 {Karpov began to chase the lead.} 1-0

[Event "Hoogovens"]
[Site "Wijk aan Zee 50"]
[Date "1988.??.??"]
[Round "7"]
[White "Van der Wiel, John"]
[Black "Andersson, Ulf"]
[Result "0-1"]
[WhiteElo "2555"]
[BlackElo "2605"]
[Annotator "JvR"]
[PlyCount "74"]
[EventDate "1988.??.??"]
[EventCountry "NED"]

1. e4 c5 2. Nf3 e6 3. d4 cxd4 4. Nxd4 Nc6 5. Nc3 a6 6. Nxc6 bxc6 7. Bd3 d6 8.
O-O Nf6 9. f4 Qc7 10. Qe1 d5 11. Qg3 $5 g6 $6 {A slight weakness comes into
being.} 12. Be3 Be7 13. Bd4 O-O 14. Kh1 Nd7 15. exd5 cxd5 16. Qe3 {Van der
Wiel regroups his attackers.} Bb7 17. Rae1 Bc5 18. f5 $5 Rae8 ({Not} 18... exf5
$6 19. Bxf5 $1 Bxd4 20. Qxd4 gxf5 $2 21. Rxf5 Qd8 22. Nxd5) 19. f6 $1 Bxd4 20.
Qxd4 e5 $6 ({More prudent is} 20... Qb6) 21. Qh4 $6 {White should strike hard.}
(21. Nxd5 $1 {(Van der Wiel)} exd4 $1 22. Nxc7 Rxe1 23. Rxe1 Nxf6 24. Re7 {
plays for a win.}) 21... Re6 22. Re3 e4 23. Rh3 h5 24. Be2 Qe5 $1 25. g4 $4 (
25. Bxh5 $1 Qxh5 26. Qg3 Qe5 27. Qh4 {leads to a repetition of moves (Van der
Wiel).}) 25... Nxf6 26. g5 ({Or} 26. gxh5 Nxh5 27. Bxh5 Qxh5 28. Qxh5 gxh5 29.
Rxh5 d4) 26... Nh7 27. Bxh5 gxh5 28. Qxh5 Qg7 29. Ne2 Rg6 30. Rf5 d4 31. Nf4
e3+ 32. Kg1 Nxg5 33. Qh8+ Qxh8 34. Rxh8+ Kxh8 35. Nxg6+ fxg6 36. Rxf8+ Kg7 37.
Rd8 Be4 {Andersson led by plus four and drew all games hereafter.} 0-1

[Event "Hoogovens"]
[Site "Wijk aan Zee 50"]
[Date "1988.??.??"]
[Round "8"]
[White "Karpov, Anatoly"]
[Black "Van der Wiel, John"]
[Result "1-0"]
[WhiteElo "2715"]
[BlackElo "2555"]
[Annotator "JvR"]
[PlyCount "69"]
[EventDate "1988.??.??"]
[EventCountry "NED"]

1. c4 e6 2. Nc3 Bb4 3. g3 Ne7 4. Bg2 O-O 5. Qb3 $5 c5 6. a3 Ba5 $1 7. e3 (7.
Bxb7 $2 Bxb7 8. Qxb7 Nbc6 {makes no serious impression.}) 7... Nbc6 8. Nge2 Bb6
$5 9. O-O Na5 $5 10. Qa2 d5 11. d3 dxc4 12. dxc4 Bd7 13. b4 Nac6 14. Rb1 Qc7
15. Qb3 Ne5 $1 {Black threatens pawn c4.} 16. b5 $1 Rad8 17. f4 N5g6 $6 ({
Preferable is} 17... Nd3 $1 18. e4 Nxc1 19. Rfxc1 f6) 18. e4 $1 f5 $2 {A fatal
restraint begins.} ({Right is} 18... f6) 19. e5 $1 Be8 20. Be3 Nh8 $5 21. Na4
Bh5 22. Nc1 Rd7 $6 (22... Nf7 $1 {makes the intended move.}) 23. Nd3 $1 Be2 24.
Ndxc5 $1 {Karpov has not made a tactical error. Instead, he wins by a
<->petite combinaison.'} Rd3 $5 ({Or} 24... Bxf1 25. Rxf1 {(Karpov) and the
black position falls apart.}) 25. Nxd3 Bxe3+ 26. Kh1 Rd8 27. Nb4 Bxf1 28. Rxf1
Bc5 29. Nd3 b6 30. Naxc5 bxc5 31. a4 Rd4 32. a5 Qxa5 33. Nxc5 Kf7 34. Nb7 Qd2
35. b6 {Tolya neared Ulf til half-a-point.} 1-0

[Event "Hoogovens B"]
[Site "Wijk aan Zee 50"]
[Date "1988.??.??"]
[Round "11"]
[White "Nijboer, Friso"]
[Black "Winants, Luc"]
[Result "1-0"]
[WhiteElo "2375"]
[BlackElo "2465"]
[Annotator "JvR"]
[PlyCount "63"]
[EventDate "1988.??.??"]
[EventCountry "NED"]

{Nijboer finished in the second group by five wins. The last game was
spectacular.} 1. e4 c5 2. Nf3 d6 3. d4 cxd4 4. Nxd4 Nf6 5. Nc3 Nc6 6. Bc4 e6 7.
Be3 Be7 8. Qe2 a6 9. Bb3 Qc7 10. O-O-O O-O 11. Rhg1 Na5 12. g4 b5 13. g5 Nxb3+
14. axb3 Nd7 15. f4 b4 16. Nf5 exf5 17. Nd5 Qd8 18. exf5 Re8 19. Bd4 {Nijboer
plays an exciting variation of the Sicilian Defence.} Bf6 $5 (19... Bf8 20. Qh5
Re4 21. Bf6 $1 {won in Wolff - I. Sokolov, Baguio City 1987.}) 20. Qxe8+ $3 {
Friso goes for the kill.} ({The exchange by} 20. Bxf6 Rxe2 21. Bxd8 Bb7 22. Ba5
{brings a plus (Nijboer).}) 20... Qxe8 21. gxf6 g6 22. Ne7+ Kf8 23. Rd3 $1 Nxf6
(23... Qd8 $5 24. Rh3 Nxf6 (24... h5 25. Rxh5 $1 gxh5 26. Rg8#) 25. Bxf6 Qb6 $1
26. Rd1 $1 h5 27. Rhd3 $1 Bxf5 28. Rxd6 Qe3+ 29. Kb1 Bxc2+ $1 30. Kxc2 Re8 31.
f5 $1 Qe4+ 32. Kc1 gxf5 33. Rd8 Qe6 34. Rxe8+ Kxe8 35. Ng8 $1 Qc8+ 36. Kb1 {
also wins for White.}) 24. Bxf6 Qb5 25. Rgd1 $1 Bxf5 (25... Bb7 $5 26. Rxd6 Re8
27. Rd8 Qa5 {(Nijboer)} 28. R1d7 $1 Bf3 29. Kb1 Rxd8 30. Rxd8+ Qxd8 31. Nxg6+
fxg6 32. Bxd8 gxf5 33. Ba5 {will win eventually for White.}) 26. Rd5 Qe2 ({Or} 
26... Qb7 27. Rxd6 Re8 28. Nxf5 gxf5 29. Rd8 Qb6 30. Rxe8+ Kxe8 31. Rd8+) 27.
Nxf5 Rc8 28. R5d2 Qe4 29. Nxd6 Rxc2+ 30. Rxc2 Qxf4+ 31. Kb1 Qxf6 32. Rc8+ 1-0

[Event "Hoogovens"]
[Site "Wijk aan Zee 51"]
[Date "1989.??.??"]
[Round "1"]
[White "Sokolov, Ivan"]
[Black "Tseshkovsky, Vitaly"]
[Result "0-1"]
[WhiteElo "2580"]
[BlackElo "2520"]
[Annotator "JvR"]
[PlyCount "38"]
[EventDate "1989.??.??"]
[EventCountry "NED"]

{The great surprise of the event was the formidable start by Tseshkovsky.} 1.
c4 e5 2. g3 d6 3. Bg2 g6 4. e3 Bg7 5. Ne2 h5 $5 6. d4 h4 7. Nbc3 Nh6 {
Tseshkovsky shows a great ambition.} 8. e4 Bg4 9. Qd3 $6 ({Preferable is} 9. h3
exd4 10. hxg4 dxc3 11. Nxc3 hxg3 12. f4 $1) 9... Nd7 10. d5 Nc5 11. Qe3 h3 12.
Bf1 f5 13. f3 fxe4 $1 14. fxg4 $2 {Sokolov succumbs already.} ({Not} 14. fxe4
$2 O-O 15. Ng1 Qf6 $1 16. Bxh3 $2 Nd3+ $1 17. Qxd3 Qf2#) ({Right is} 14. Nxe4
Nf5 15. Qa3 $1 Nxe4 16. fxg4 $1 Ne7 17. Qe3 {and White repairs his position.})
14... Nxg4 15. Qg1 Qf6 16. Nd1 Nd3+ 17. Kd2 Qf3 18. a3 Bh6+ 19. Kc2 Nb4+ {
Black delivers mate in one.} 0-1

[Event "Hoogovens"]
[Site "Wijk aan Zee 51"]
[Date "1989.??.??"]
[Round "3"]
[White "Anand, Viswanathan"]
[Black "Tseshkovsky, Vitaly"]
[Result "0-1"]
[WhiteElo "2515"]
[BlackElo "2520"]
[Annotator "JvR"]
[PlyCount "80"]
[EventDate "1989.??.??"]
[EventCountry "NED"]

1. e4 e5 2. Nf3 Nc6 3. Bb5 a6 4. Ba4 Nf6 5. O-O Be7 6. Re1 b5 7. Bb3 O-O 8. c3
d6 9. h3 Na5 10. Bc2 c5 11. d4 cxd4 12. cxd4 Bb7 13. Nc3 Rc8 14. Bd3 $5 Nc4 15.
b3 Nb6 16. Bb2 b4 17. Na4 $6 Nxa4 18. bxa4 d5 $1 19. exd5 e4 $1 20. Bxe4 Nxe4
21. Rxe4 Bxd5 22. Re3 Bd6 {Black gets a fine attacking position, hiding behind
the isolated pawn.} 23. Qd3 a5 24. Ne5 Bb8 25. Qf5 g6 26. Qd3 Kg7 27. Rae1 Qd6
28. Ba1 $2 {Vishy misses the threat.} (28. g3 {closes a diagonal.}) 28... f6 $1
29. Ng4 h5 30. Re7+ Rf7 31. Rxf7+ Kxf7 32. Ne3 Qh2+ 33. Kf1 Re8 $1 34. Qb5
Bxg2+ 35. Ke2 ({The pointe is} 35. Nxg2 Qh1#) 35... Bf4 36. Kd2 Bf3 37. Qf1 g5
38. Bb2 g4 39. Kc1 Be4 40. Kd1 Bf3+ {Tseshkovsky led by 3/3.} 0-1

[Event "Hoogovens"]
[Site "Wijk aan Zee 51"]
[Date "1989.??.??"]
[Round "5"]
[White "Piket, Jeroen"]
[Black "Sax, Gyula"]
[Result "1-0"]
[WhiteElo "2500"]
[BlackElo "2610"]
[Annotator "JvR"]
[PlyCount "47"]
[EventDate "1989.??.??"]
[EventCountry "NED"]

1. d4 Nf6 2. c4 e6 3. Nc3 Bb4 4. Nf3 c5 5. g3 cxd4 6. Nxd4 O-O 7. Bg2 d5 8. O-O
dxc4 9. Qa4 Na6 10. Ndb5 Nd5 11. Rd1 Bd7 12. Nxd5 exd5 13. Bxd5 Qe8 14. Bxc4
Bc6 $6 ({Better is} 14... Rc8 15. Bd3 Rc5 {(Allen - Marin, Thessaloniki 1988).}
) 15. Rd4 Qe5 16. Qc2 $1 Bxb5 $2 ({Right is} 16... Be7 $1 17. Bf4 Qc5 18. Be3
Qe5) 17. Rd5 Qc7 18. Rxb5 Rac8 19. b3 Bc5 20. Bb2 Rfd8 21. Qf5 Qe7 22. Qg4 g6
23. Qf3 Rc6 24. Rxc5 $1 {Jeroen Piket participated for the second time in the
main group.} ({The pointe is} 24. Rxc5 Nxc5 25. Qc3 $1) 1-0

[Event "Hoogovens"]
[Site "Wijk aan Zee 51"]
[Date "1989.??.??"]
[Round "7"]
[White "Douven, Rudy"]
[Black "Ribli, Zoltan"]
[Result "0-1"]
[WhiteElo "2445"]
[BlackElo "2625"]
[Annotator "JvR"]
[PlyCount "84"]
[EventDate "1989.??.??"]
[EventCountry "NED"]

1. d4 d5 2. c4 c6 3. Nc3 Nf6 4. e3 e6 5. Nf3 Nbd7 6. Bd3 dxc4 7. Bxc4 b5 8. Bd3
Bb7 9. e4 b4 10. Ne2 c5 11. e5 Nd5 12. Ng3 $5 ({Theory is} 12. O-O) 12... Be7
13. Qe2 cxd4 14. O-O Qb6 15. Bd2 O-O 16. Qe4 g6 17. Bg5 $5 Bxg5 18. Nxg5 h6 19.
Nh3 $2 (19. Nxf7 $1 Rxf7 20. Qxg6+ Rg7 21. Qxh6 {fights well.}) 19... Kh7 20.
Qe2 Nc5 21. Rfd1 Nxd3 22. Qxd3 a5 23. Ne4 Ne7 $2 (23... f6 $1 {keeps an
advantage.}) 24. Nd6 Nf5 25. Nxf5 exf5 26. Qxd4 Qc6 27. f3 Rad8 28. Qf2 g5 29.
Rac1 Rfe8 $5 30. Re1 Qd5 31. Qc2 $2 ({Better is} 31. Qc5) 31... Rxe5 $1 32.
Rxe5 Qxe5 33. Nf2 Kg7 34. h3 Rd7 35. a3 Rd5 36. axb4 axb4 37. Qb3 Rd4 38. Qc2
Bd5 39. Rd1 Be6 40. Rxd4 Qxd4 41. Qe2 b3 42. h4 gxh4 0-1

[Event "Hoogovens"]
[Site "Wijk aan Zee 51"]
[Date "1989.??.??"]
[Round "8"]
[White "Sax, Gyula"]
[Black "Tseshkovsky, Vitaly"]
[Result "1-0"]
[WhiteElo "2610"]
[BlackElo "2520"]
[Annotator "JvR"]
[PlyCount "81"]
[EventDate "1989.??.??"]
[EventCountry "NED"]

1. e4 e5 2. Nf3 Nc6 3. Bb5 a6 4. Ba4 Nf6 5. O-O Be7 6. Re1 b5 7. Bb3 O-O 8. c3
d6 9. h3 Na5 10. Bc2 c5 11. d4 cxd4 12. cxd4 Bb7 13. Nbd2 Rc8 14. d5 Qc7 15.
Bd3 Nd7 16. Nf1 Nc5 17. b3 $5 f5 18. exf5 Bxd5 (18... Bf6 $5 {will be played
in Kramnik - Sokolov, Wijk aan Zee 2005.}) 19. Be2 Bxf3 20. Bxf3 Nc6 $1 21. Ne3
$1 Kh8 $5 22. Nd5 Qd8 23. Be3 Bf6 24. Rc1 e4 $1 25. Bxe4 Nxe4 26. Bb6 $1 Nxf2
$2 {An intermediate move becomes fatal.} ({Right is} 26... Qd7 $1 27. Rxe4 {
(Sax)} Bg5 $1 28. f4 $5 Qxf5) 27. Bxd8 $1 Nxd1 28. Bxf6 gxf6 29. Rexd1 $1 Ne5
$5 30. Rxc8 Rxc8 31. Nxf6 {White wins the endgame.} Nf7 32. Ne4 Kg7 33. Rd2 Rd8
34. Kf2 Kf8 35. Ke3 Ke7 36. Rc2 d5 37. Rc7+ Kf8 38. Nc5 d4+ 39. Kd2 Rd5 40.
Ne6+ Ke8 41. f6 {Tseshkovsky lost many games during the second part of the
tournament.} 1-0

[Event "Hoogovens"]
[Site "Wijk aan Zee 51"]
[Date "1989.??.??"]
[Round "9"]
[White "Anand, Viswanathan"]
[Black "Sokolov, Ivan"]
[Result "1-0"]
[WhiteElo "2515"]
[BlackElo "2580"]
[Annotator "JvR"]
[PlyCount "75"]
[EventDate "1989.??.??"]
[EventCountry "NED"]

1. e4 e5 2. Nf3 Nc6 3. Bb5 a6 4. Ba4 d6 5. Bxc6+ bxc6 6. d4 f6 7. Nc3 Ne7 8.
Be3 a5 9. Qe2 $5 Bg4 $5 10. O-O-O {Anand will attack versus the passive black
position. It looked like the nineteen-years- old was playing rapid games.} Qc8
11. h3 Bh5 $6 12. g4 Bf7 $6 13. dxe5 fxe5 14. Ng5 Bg8 {Sokolov plays inactive.}
15. f4 exf4 16. Bxf4 Ng6 17. Bg3 Be7 18. Nf3 Be6 19. e5 $1 d5 20. Nd4 $1 Qd7
21. Rhf1 Bc5 $2 ({Correct is} 21... Rf8 {(Sokolov).}) 22. Na4 $2 {Vishy misses
the immediate victory.} (22. Nxe6 Qxe6 23. Nxd5 $1 {wins at once.}) 22... Be7
$6 (22... Bxd4 $1 23. Rxd4 Qe7 {defends more accurately (Sokolov).}) 23. Nb3
Rf8 24. Nac5 Bxc5 25. Nxc5 Qe7 26. Qe3 a4 27. Qc3 Rxf1 28. Rxf1 Nf8 29. Bf2 Qf7
30. Qd3 Qg6 31. Qc3 $1 Qf7 32. Qe1 Nd7 33. Bh4 $1 Qg6 34. Qb4 $1 Qh6+ 35. Kb1
Nb6 36. Na6 Qxh4 37. Qf8+ Kd7 38. Nc5# 1-0

[Event "Hoogovens"]
[Site "Wijk aan Zee 51"]
[Date "1989.??.??"]
[Round "11"]
[White "Benjamin, Joel"]
[Black "Nikolic, Predrag"]
[Result "0-1"]
[WhiteElo "2545"]
[BlackElo "2605"]
[Annotator "JvR"]
[PlyCount "62"]
[EventDate "1989.??.??"]
[EventCountry "NED"]

1. e4 d6 2. d4 Nf6 3. Nc3 g6 4. Be3 Bg7 5. f3 c6 6. Qd2 Qa5 7. g4 h5 $5 {The
white pawns are chased forwards in the Pirc.} 8. g5 Nfd7 9. f4 d5 10. f5 dxe4
11. fxg6 fxg6 12. Nxe4 Qxd2+ 13. Nxd2 O-O 14. Bd3 (14. Ngf3 $5 e5 $2 15. Bc4+
$1 {was played in Haslinger - McNab, Blackpool 2003.}) 14... e5 15. Ngf3 exd4
16. Bxd4 Bxd4 17. Nxd4 Ne5 {Black restarts the development.} 18. Be2 Rf4 19.
N2f3 Nxf3+ 20. Nxf3 Bg4 21. O-O Bh3 $1 22. Rf2 Nd7 23. Bf1 Bf5 $1 24. Bg2 Rf8
25. Rd2 $6 ({Preferable is} 25. Raf1 $1 Nc5 26. Ne5 Rxf2 27. Rxf2) 25... Nc5
26. Re1 h4 $1 27. Rd4 $6 (27. Nd4 $1 Rg4 28. Nxf5 gxf5 29. h3 Rxg5 30. Re5 {
brings a counteraction for a pawn.}) 27... Bxc2 $1 28. Rc1 Be4 $1 29. Nxh4 $2 {
White fails in the endgame.} (29. Rcc4 $1 h3 $1 30. Bxh3 Rxf3 31. Rxc5 Re3 32.
Rc1 {offers more resistance.}) 29... Nd3 30. Ra1 Bxg2 31. Rxd3 ({No relief
gives} 31. Rxf4 Nxf4 32. Nxg2 Nh3+ {(Benjamin).}) 31... Be4 0-1

[Event "Hoogovens"]
[Site "Wijk aan Zee 51"]
[Date "1989.??.??"]
[Round "12"]
[White "Anand, Viswanathan"]
[Black "Benjamin, Joel"]
[Result "1-0"]
[WhiteElo "2515"]
[BlackElo "2545"]
[Annotator "JvR"]
[PlyCount "61"]
[EventDate "1989.??.??"]
[EventCountry "NED"]

1. e4 c5 2. Nf3 d6 3. d4 cxd4 4. Nxd4 Nf6 5. Nc3 Nc6 6. Bg5 e6 7. Qd2 Be7 8.
O-O-O O-O 9. Nb3 Qb6 10. f3 Rd8 11. Kb1 d5 12. Bxf6 dxe4 $2 ({Correct is} 12...
Bxf6 {(Mokry - Conquest, Gausdal 1989).}) 13. Bxe7 $1 {Anand overturns the
variation.} ({Known is} 13. Bd4 $2 {(Brustman - Liu Shilan, Tuzla 1987).})
13... Rxd2 14. Nxd2 $1 exf3 15. gxf3 (15. Nc4 $1 Qc7 16. Bd6 $1 {will win
quickly in Conquest - Speelman, London 1990.}) 15... e5 16. Bh4 Be6 17. Nde4
Nd4 18. Bg2 $6 Rc8 19. Bf2 f5 20. f4 $1 ({Not} 20. Ng5 $2 Rxc3 $1 {(Anand).})
20... fxe4 21. fxe5 Rc4 22. Rhe1 $6 ({Better is} 22. Bxe4 $1 Rb4 23. Nd5 $1)
22... Rb4 23. Kc1 $1 Bg4 24. Nd5 $4 {Anand has spoiled the game.} (24. Rd2 {
keeps an advantage.}) 24... Qc5 $4 ({Right is} 24... Qd8 $1 25. Nxb4 Bxd1 26.
Bxd4 (26. Kxd1 Nf3+) 26... Qxd4 27. Bxe4 Qxb4 28. Bd5+ Kf8 29. Rxd1 Qf4+ {and
Black might win.}) 25. Nxb4 Bxd1 26. Kxd1 $1 e3 27. Rxe3 Nf5 28. Bd5+ Kf8 29.
Rf3 Qxb4 30. Rxf5+ Ke8 31. e6 1-0

[Event "Hoogovens"]
[Site "Wijk aan Zee 51"]
[Date "1989.01.??"]
[Round "13"]
[White "Vaganian, Rafael"]
[Black "Van der Wiel, John"]
[Result "0-1"]
[WhiteElo "2600"]
[BlackElo "2560"]
[Annotator "JvR"]
[PlyCount "124"]
[EventDate "1989.??.??"]
[EventCountry "NED"]

1. Nf3 Nf6 2. g3 d5 3. Bg2 c6 4. O-O Bg4 5. d3 e6 6. c4 Nbd7 7. cxd5 exd5 8.
Nc3 Be7 9. h3 Bxf3 10. Bxf3 O-O 11. Bg2 d4 $5 {Black takes the initiative and
rules more territory.} 12. Ne4 Nxe4 13. dxe4 Nc5 14. f4 Qb6 $1 15. Kh2 ({The
pointe is} 15. Qxd4 $5 Nb3 $1 16. Qxb6 axb6 17. Rb1 Bc5+ 18. Kh2 Rxa2) 15...
Rfd8 16. Rb1 Qa6 17. a3 d3 18. exd3 Qxd3 19. Qxd3 Rxd3 {Black has the
initiative but an unimportant advantage.} 20. Re1 Rb3 21. Bf1 Nd3 22. Bxd3 Rxd3
23. f5 $5 Rad8 24. Bf4 g6 25. fxg6 fxg6 26. h4 $2 {White should start a
counteraction.} (26. e5 $1 g5 (26... Kf7 27. e6+) 27. Be3 b6 28. Re2 {
reorganises the defence.}) 26... Kf7 $1 27. Rbc1 Ke6 {The isolated e-pawn has
become weak.} 28. Rc2 Rf8 29. Re3 Rxe3 30. Bxe3 Rf3 31. Re2 $6 ({Vaganian
misses the chance} 31. Bxa7 Bd6 32. Bf2 Be5 33. Kg2 Rb3 34. a4 Bxb2 35. a5 {
and he has counter-play.}) 31... Bd6 32. e5 $1 Bb8 $1 {Van der Wiel postpones
the capture of pawn e5.} 33. Kg2 Rf7 34. g4 Rd7 35. Kf3 Rd3 36. Ke4 Rd5 37. Rf2
Rxe5+ {Black has cashed the pawn.} 38. Kd3 Rd5+ 39. Ke4 Bg3 40. Rf8 Bxh4 41.
Bxa7 Bf6 42. b4 Rd8 43. Rxd8 Bxd8 44. a4 b6 45. Bb8 Be7 $5 {Van der Wiel
brings excitement in the bishop ending.} 46. a5 $1 Kd7 $1 47. Bf4 Bxb4 48. axb6
Kc8 49. Ke5 $1 Ba5 50. Kf6 Bxb6 51. Kg5 Kd7 $1 52. Kh6 Ke6 53. Kxh7 Kf6 54. Bh6
g5 55. Bg7+ Kf7 56. Bc3 Be3 57. Ba5 Kf6 58. Kh6 Ke5 59. Kg6 Kf4 60. Kh5 c5 61.
Bd8 Kf3 62. Bf6 c4 {John was very happy.   The tournament ended crowded at the
top. Anand, Nikolic, Ribli and Sax won by 71/2/13, before Piket and Georgiev 
(7), Van der Wiel and Miles (61/2).} 0-1

[Event "Hoogovens B"]
[Site "Wijk aan Zee 51"]
[Date "1989.??.??"]
[Round "6"]
[White "Nijboer, Friso"]
[Black "Andruet, Gilles"]
[Result "1-0"]
[WhiteElo "2445"]
[BlackElo "2420"]
[Annotator "JvR"]
[PlyCount "81"]
[EventDate "1989.??.??"]
[EventCountry "NED"]

1. e4 c5 2. Nf3 e6 3. d4 cxd4 4. Nxd4 Nf6 5. Nc3 d6 6. f4 Nc6 7. Nf3 g6 $5 {
Andruet plays a surprising novelty.} 8. Bd3 Bg7 9. O-O O-O 10. Qe1 Nb4 11. Qg3
Nh5 12. Qf2 f5 13. e5 Nxd3 14. cxd3 dxe5 15. fxe5 b6 (15... Qxd3 $6 16. Bg5 $1
{makes a target of the black queen.}) 16. d4 Bb7 17. Bg5 Qd7 18. Rad1 f4 $5 ({
Wiser is} 18... h6 $1) 19. Qh4 $1 Rf7 20. Qg4 $1 Qe8 $6 {Black lifts the
barrage on d4.} (20... Re8 $1 {consolidates.}) 21. Nh4 $6 (21. Nd2 $1 {jumps
in the direction of e4.}) 21... b5 22. a3 a5 23. Ne2 $1 Qc6 24. Bxf4 Nxf4 $5
25. Nxf4 $2 Raf8 $1 26. Qxe6 Qe4 $1 27. Rf3 $5 g5 $1 28. Nhg6 $1 gxf4 $2 {
Andruet loses track in the melee.} (28... hxg6 $1 29. Nxg6 g4 $1 30. Rf2 Bd5 $1
{refutes the white attack.}) 29. Nxf8 Kxf8 $4 (29... Qe2 $1 {still plays for a
win.}) 30. Qd6+ $2 Kg8 $1 31. e6 Rf6 32. Qd8+ Rf8 $2 33. e7 $1 Qe2 34. exf8=Q+
Bxf8 35. Qg5+ Bg7 36. Rff1 h6 37. Qd8+ Kh7 38. d5 f3 39. gxf3 Qxb2 40. Qd7 Ba8
41. Qf5+ {Dokhian and Nijboer shared the first place of the B-group and played
in the A-group next year.} 1-0

[Event "Hoogovens"]
[Site "Wijk aan Zee 52"]
[Date "1990.??.??"]
[Round "2"]
[White "Anand, Viswanathan"]
[Black "Nunn, John"]
[Result "0-1"]
[WhiteElo "2555"]
[BlackElo "2600"]
[Annotator "JvR"]
[PlyCount "82"]
[EventDate "1990.??.??"]
[EventCountry "NED"]

{The event became spectacular by Nunn's tactics, Polgár-mania and a hurricane.
} 1. e4 e5 2. Nf3 Nc6 3. Bb5 a6 4. Ba4 Nf6 5. O-O Be7 6. Re1 b5 7. Bb3 O-O 8.
c3 d5 9. exd5 Nxd5 10. Nxe5 Nxe5 11. Rxe5 c6 12. Bxd5 cxd5 13. d4 Bd6 14. Re3
Qh4 15. h3 g5 16. b3 $5 ({White has fine results with} 16. Qf3 {(Hübner - Nunn,
Haifa 1989).}) 16... f5 17. Qf3 Bb7 18. Re6 $2 ({More solidity brings} 18. Ba3
{(Anand).}) 18... Rae8 $1 19. Rxe8 ({The critical line is} 19. Rxd6 $2 Re1+ 20.
Kh2 Rxc1 21. Qe3 Qf4+ 22. Qxf4 gxf4 {and White has positional problems (Nunn).}
) 19... Rxe8 20. Kf1 g4 21. Qxf5 gxh3 22. Qxh3 Qxh3 23. gxh3 Bc8 24. Be3 $1 {
White has two extra pawns. He has to return one immediately.} Bxh3+ {Anand
experiences great difficulties.} 25. Ke2 $6 (25. Ke1 $1 Bf5 26. a4 bxa4 27. Nd2
a3 28. b4 a5 29. Rxa3 axb4 30. cxb4 Bxb4 31. Rb3 {gives survival chances.})
25... Bg4+ 26. Kd3 Bf5+ 27. Ke2 Bg4+ 28. Kd3 Bf5+ 29. Ke2 Rc8 $1 30. f3 Kf7 31.
Bd2 h5 32. c4 Re8+ 33. Kf2 Bd3 34. Be3 h4 35. f4 dxc4 36. bxc4 bxc4 37. Nd2 Rb8
38. Kf3 c3 39. Ne4 Bb4 40. Rd1 Bxe4+ 41. Kxe4 c2 0-1

[Event "Hoogovens"]
[Site "Wijk aan Zee 52"]
[Date "1990.01.??"]
[Round "6"]
[White "Kortschnoj, Viktor"]
[Black "Nunn, John"]
[Result "1-0"]
[WhiteElo "2625"]
[BlackElo "2600"]
[Annotator "JvR"]
[PlyCount "85"]
[EventDate "1990.??.??"]
[EventCountry "NED"]

1. d4 Nf6 2. c4 g6 3. Nc3 Bg7 4. e4 d6 5. Be2 O-O 6. Nf3 e5 7. Be3 h6 8. O-O
Ng4 9. Bc1 Nc6 10. d5 Ne7 11. Ne1 f5 12. Bxg4 fxg4 13. Be3 b6 $6 {Nunn plays a
passive novelty.} 14. Nd3 g5 15. b4 Ng6 16. a4 Nf4 17. a5 Rb8 $2 {Black
weakens the queenside.} ({Solid is} 17... Bd7) 18. Nb5 $1 Ba6 $6 (18... a6 {
(Anand)} 19. Na7 Bb7 {gives more resistance.}) 19. axb6 Bxb5 20. Rxa7 Bxc4 21.
bxc7 Qf6 22. cxb8=Q Rxb8 23. Bxf4 exf4 24. Ra3 g3 25. hxg3 fxg3 26. fxg3 Qd4+
27. Kh2 Qxe4 28. Qf3 Bxd5 29. Qxe4 Bxe4 30. Rd1 Rb6 31. Ra7 Rb7 32. Rxb7 Bxb7
33. b5 Bc3 34. Nc5 $1 dxc5 35. Rd8+ Kf7 36. Rd7+ Ke6 37. Rxb7 Kd5 38. Rd7+ Ke6
39. Rh7 c4 40. Rxh6+ Kd5 41. b6 Be5 42. b7 c3 43. Rh8 {Kortschnoj seemed to be
on his way to another tournament win.} 1-0